The universe. The complete season four : (Record no. 401344)
[ view plain ]
| 000 -LEADER | |
|---|---|
| fixed length control field | 03393cgm a2200733 i 4500 |
| 001 - CONTROL NUMBER | |
| control field | on1457094603 |
| 003 - CONTROL NUMBER IDENTIFIER | |
| control field | OCoLC |
| 005 - DATE AND TIME OF LATEST TRANSACTION | |
| control field | 20251124113746.0 |
| 007 - PHYSICAL DESCRIPTION FIXED FIELD--GENERAL INFORMATION | |
| fixed length control field | vd cga|r| |
| 008 - FIXED-LENGTH DATA ELEMENTS--GENERAL INFORMATION | |
| fixed length control field | 240925s2013 nyu--- vleng d |
| 024 1# - OTHER STANDARD IDENTIFIER | |
| Standard number or code | 733961242980 |
| 028 42 - PUBLISHER NUMBER | |
| Publisher number | 43373 |
| Source | A & E Television Networks |
| 028 42 - PUBLISHER NUMBER | |
| Publisher number | 43373.14.A |
| Source | A & E Television Networks |
| 028 42 - PUBLISHER NUMBER | |
| Publisher number | 43373.15.A |
| Source | A & E Television Networks |
| 028 42 - PUBLISHER NUMBER | |
| Publisher number | 43373.16.A |
| Source | A & E Television Networks |
| 028 42 - PUBLISHER NUMBER | |
| Publisher number | 43373.17.A |
| Source | A & E Television Networks |
| 035 ## - SYSTEM CONTROL NUMBER | |
| System control number | (OCoLC)1457094603 |
| 040 ## - CATALOGING SOURCE | |
| Original cataloging agency | NBO |
| Language of cataloging | eng |
| Description conventions | rda |
| Transcribing agency | NBO |
| Modifying agency | NBO |
| -- | OCLCO |
| 049 ## - LOCAL HOLDINGS (OCLC) | |
| Holding library | WACL |
| 082 04 - DEWEY DECIMAL CLASSIFICATION NUMBER | |
| Classification number | 523.1 |
| Edition number | 23 |
| 092 ## - LOCALLY ASSIGNED DEWEY CALL NUMBER (OCLC) | |
| Classification number | movie |
| Item number | The Universe |
| 130 0# - MAIN ENTRY--UNIFORM TITLE | |
| Uniform title | Universe (Television program) |
| 9 (RLIN) | 5857670 |
| 245 14 - TITLE STATEMENT | |
| Title | The universe. The complete season four : |
| 246 3# - VARYING FORM OF TITLE | |
| Title proper/short title | Universe. |
| Number of part/section of a work | The complete season four |
| 246 3# - VARYING FORM OF TITLE | |
| Title proper/short title | Universe. |
| Number of part/section of a work | 4 |
| 260 ## - PUBLICATION, DISTRIBUTION, ETC. (IMPRINT) | |
| Place of publication, distribution, etc | [New York, N.Y.] : |
| Name of publisher, distributor, etc | A & E Television Networks, |
| Date of publication, distribution, etc | 2013. |
| 264 ## - Production, Publication, Distribution, Manufacture, and Copyright Notice. | |
| Place of production, publication, distribution, manufacture | [New York, N.Y.] : |
| Name of producer, publisher, distributor, manufacturer | A & E Television Networks, director: Douglas J. Cohen ; produced by Flight 33 Productions for History Television Network Productions ; producer: Samuel K. Dolan. |
| Date of production, publication, distribution, manufacture, or copyr | 2013. |
| 300 ## - PHYSICAL DESCRIPTION | |
| Extent | 4 videodiscs : |
| Other physical details | sound, color ; |
| Dimensions | 4 3/4 in. |
| 336 ## - Content Type | |
| Content type term | two-dimensional moving image |
| 337 ## - Media type | |
| Media type term | video |
| 338 ## - Carrier type | |
| Carrier type term | videodisc |
| 490 ## - SERIES STATEMENT | |
| Series statement | The Universe : |
| Volume number/sequential designation | Season 4. |
| 500 ## - GENERAL NOTE | |
| General note | Shot in HD with stunning footage from NASA and packed with state-of-the-art CGI graphics. |
| 505 0# - FORMATTED CONTENTS NOTE | |
| Formatted contents note | Season four. Disc 1. Death stars ; The day the moon was gone ; It fell from space -- Disc 2. Biggest blasts ; The hunt for ringed planets ; 10 ways to destroy the Earth -- Disc 3. The search for cosmic clusters ; Space wars ; Liquid universe -- Disc 4. Pulsars & quasars ; Science fiction/Science fact ; Extreme energy -- Bonus featurettes. Meteors : fire in the sky ; Comets : prophets of doom. |
| 508 ## - CREATION/PRODUCTION CREDITS NOTE | |
| Creation/production credits note | Beyond the Big Bang : Produced by Workaholic Productions for History Television Network Productions ; director, Luke Ellis ; executive producers, Luke Ellis, Matthew Hickey. |
| 511 0# - PARTICIPANT OR PERFORMER NOTE | |
| Participant or performer note | Narrator, Erik Thompson. |
| 520 ## - SUMMARY, ETC. | |
| Summary, etc | "The Universe: the Mega Collection includes all 63 original episodes of all five seasons of this epic series plus the feature-length documentary Beyond the Big Bang on 19 discs."--Container. |
| 538 ## - SYSTEM DETAILS NOTE | |
| System details note | DVD. |
| 650 #0 - SUBJECT ADDED ENTRY--TOPICAL TERM | |
| Topical term or geographic name as entry element | Cosmology. |
| 650 #0 - SUBJECT ADDED ENTRY--TOPICAL TERM | |
| Topical term or geographic name as entry element | Life on other planets. |
| 650 #0 - SUBJECT ADDED ENTRY--TOPICAL TERM | |
| Topical term or geographic name as entry element | Big bang theory. |
| 650 #0 - SUBJECT ADDED ENTRY--TOPICAL TERM | |
| Topical term or geographic name as entry element | Extraterrestrial anthropology. |
| 9 (RLIN) | 83712 |
| 650 #6 - SUBJECT ADDED ENTRY--TOPICAL TERM | |
| Topical term or geographic name as entry element | Cosmologie. |
| 9 (RLIN) | 5939736 |
| 650 #6 - SUBJECT ADDED ENTRY--TOPICAL TERM | |
| Topical term or geographic name as entry element | Vie extraterrestre. |
| 9 (RLIN) | 6492557 |
| 650 #6 - SUBJECT ADDED ENTRY--TOPICAL TERM | |
| Topical term or geographic name as entry element | Big bang. |
| 9 (RLIN) | 6495506 |
| 650 #7 - SUBJECT ADDED ENTRY--TOPICAL TERM | |
| Topical term or geographic name as entry element | cosmology. |
| Source of heading or term | aat |
| 650 #7 - SUBJECT ADDED ENTRY--TOPICAL TERM | |
| Topical term or geographic name as entry element | Extraterrestrial anthropology |
| Source of heading or term | fast |
| 9 (RLIN) | 83712 |
| 650 #7 - SUBJECT ADDED ENTRY--TOPICAL TERM | |
| Topical term or geographic name as entry element | Big bang theory |
| Source of heading or term | fast |
| 650 #7 - SUBJECT ADDED ENTRY--TOPICAL TERM | |
| Topical term or geographic name as entry element | Cosmology |
| Source of heading or term | fast |
| 650 #7 - SUBJECT ADDED ENTRY--TOPICAL TERM | |
| Topical term or geographic name as entry element | Life on other planets |
| Source of heading or term | fast |
| 651 #0 - SUBJECT ADDED ENTRY--GEOGRAPHIC NAME | |
| Geographic name | Milky Way. |
| 651 #6 - SUBJECT ADDED ENTRY--GEOGRAPHIC NAME | |
| Geographic name | Voie lact�ee. |
| 9 (RLIN) | 6495505 |
| 651 #7 - SUBJECT ADDED ENTRY--GEOGRAPHIC NAME | |
| Geographic name | Deep space |
| Geographic subdivision | Milky Way |
| Source of heading or term | fast |
| 9 (RLIN) | 6495507 |
| 700 1# - ADDED ENTRY--PERSONAL NAME | |
| Personal name | Cohen, Douglas J. |
| 9 (RLIN) | 5857668 |
| 700 1# - ADDED ENTRY--PERSONAL NAME | |
| Personal name | Dolan, Samuel K. |
| 9 (RLIN) | 5857667 |
| 700 1# - ADDED ENTRY--PERSONAL NAME | |
| Personal name | Thompson, Erik, |
| Dates associated with a name | 1959- |
| 9 (RLIN) | 5857669 |
| 700 1# - ADDED ENTRY--PERSONAL NAME | |
| Personal name | Ellis, Luke. |
| 9 (RLIN) | 6208315 |
| 700 1# - ADDED ENTRY--PERSONAL NAME | |
| Personal name | Hickey, Matthew P. |
| 9 (RLIN) | 6495508 |
| 710 2# - ADDED ENTRY--CORPORATE NAME | |
| Corporate name or jurisdiction name as entry element | Flight 33 Productions (Firm) |
| 9 (RLIN) | 5852949 |
| 710 2# - ADDED ENTRY--CORPORATE NAME | |
| Corporate name or jurisdiction name as entry element | History Channel (Television network) |
| 9 (RLIN) | 62267 |
| 710 2# - ADDED ENTRY--CORPORATE NAME | |
| Corporate name or jurisdiction name as entry element | A & E Home Video (Firm) |
| 9 (RLIN) | 61343 |
| 710 2# - ADDED ENTRY--CORPORATE NAME | |
| Corporate name or jurisdiction name as entry element | Workaholic Productions. |
| 9 (RLIN) | 6368949 |
| 942 ## - ADDED ENTRY ELEMENTS (KOHA) | |
| Source of classification or shelving scheme | Dewey Decimal Classification |
| Koha item type | DVD |
| Withdrawn status | Lost status | Source of classification or shelving scheme | Materials specified (bound volume or other part) | Damaged status | Not for loan | Collection code | Home library | Current library | Shelving location | Date acquired | Source of acquisition | Serial Enumeration / chronology | Total Checkouts | Total Renewals | Full call number | Barcode | Date last seen | Date checked out | Cost, replacement price | Price effective from | Koha item type |
|---|---|---|---|---|---|---|---|---|---|---|---|---|---|---|---|---|---|---|---|---|---|
| Dewey Decimal Classification | 4 discs | Television Series | Wasatch County Library | Wasatch County Library | Audio Visual Area | 10/18/2024 | Donation | #4 Universe | 1 | 1 | TV Series 523 Uni #4 | 34301002134387 | 02/13/2025 | 02/03/2025 | 9.99 | 10/18/2024 | DVD Series |
